| 000 | 00719nam a2200229 a 4500 | ||
|---|---|---|---|
| 005 | 20140310183625.0 | ||
| 008 | 120906s19uu xx 00 eng d | ||
| 020 | _a9780123919229 | ||
| 050 |
_aHF 5415.1265 _b.B575 2012 |
||
| 100 | _aBloomstein, Margot | ||
| 245 |
_aContent strategy at work : _breal world stories to strengthen every interactive project. / |
||
| 260 |
_aAmsterdam : _bElsevier, _c2012. |
||
| 300 |
_axiv, 163 p. : _bill. ; _c26 cm. |
||
| 500 | _aIncludes index. | ||
| 650 | _aInternet marketing | ||
| 650 | _aBranding (Marketing) | ||
| 650 |
_aInformation technology _xManagement |
||
| 650 | _aWeb site development | ||
| 650 |
_aWeb sites _xDesign |
||
| 942 |
_cBK _2lcc _kFOR |
||
| 999 |
_c25495 _d25495 |
||